Statystyki dla Miasta Polski powyżej 100 tysięcy ludności

Kliknij tutaj aby rozwiązać quiz!

Ogólne statystyki

  • Ten quiz został rozwiązany 237 razy
  • Średni wynik to 31 z 39

Statystyki odpowiedzi

hintOdpowiedź% Poprawnych
755 000Kraków
99%
360 000Lublin
99%
1 700 000Warszawa
99%
635 000Wrocław
99%
570 000Poznań
98%
460 000Gdańsk
97%
410 000Szczecin
97%
290 000Białystok
95%
255 000Gdynia
95%
770 000Łódź
95%
210 000Toruń
95%
365 000Bydgoszcz
93%
315 000Katowice
93%
160 000Rzeszów
91%
140 000Zielona Góra
90%
250 000Częstochowa
87%
205 000Kielce
87%
130 000Opole
87%
225 000Radom
86%
120 000Gorzów Wielkopolski
85%
170 000Olsztyn
85%
225 000Sosnowiec
79%
200 000Gliwice
76%
125 000Płock
72%
195 000Zabrze
72%
115 000Chorzów
68%
130 000Elbląg
67%
120 000Tarnów
66%
190 000Bytom
64%
105 000Koszalin
64%
105 000Legnica
64%
175 000Bielsko-Biała
62%
130 000Tychy
62%
110 000Kalisz
59%
140 000Rybnik
58%
125 000Wałbrzych
57%
130 000Dąbrowa Górnicza
54%
120 000Włocławek
52%
145 000Ruda Śląska
47%

Rozkład punktacji

Percentyl według liczby udzielonych odpowiedzi

Procent ludzi z każdym wynikiem

Twoja historia wyników

Nie rozwiązałeś tego quizu